| 000 | 01090nam0a22002891 4500 | ||
|---|---|---|---|
| 001 | RU\INFOCOMM_327\NLR\5000003815 | ||
| 005 | 20250613102828.0 | ||
| 010 |
_91500 экз. _d20 к. |
||
| 035 | _a(NLR Aleph) 009452291 | ||
| 090 |
_a8413605 _c8413605 |
||
| 100 | _a20121204d1933 |||y0rusy50 ca | ||
| 101 | 0 | _aeng | |
| 102 | _aRU | ||
| 105 | _ay z ||||| | ||
| 200 | 1 |
_aPurging the party _eSpeech delivered at a meeting of active party members, Moscow, May 22, 1933 _fBy L. M. Kaganowich |
|
| 210 |
_aMoscow _aLeningrad _cCo-operative publishing society of foreign workers in the USSR _d1933 _eMoscow _g"International" press |
||
| 215 |
_a32 с. _d18х12 см |
||
| 300 | _aНа 4 с. обл.: "Л. М. Каганович. О чистке партии" | ||
| 620 | _aМосква | ||
| 686 |
_aФ6192)271.6-302.222 _2rubbk |
||
| 700 | 1 |
_7ba _8rus _aKaganovič _bL. M. _f1893-1991 _gLazar' Moiseevič _9248421 _3RU\NLR\AUTH\770248477 |
|
| 790 | 1 |
_9z01700 _aKaganowich _bL. M. _4070 |
|
| 801 | 1 |
_aRU _bNLR _c20121204 |
|
| 801 | 0 |
_aRU _bINFOCOMM _gPSBO |
|
| 852 |
_aNLR _jD8/373 |
||
| 942 | _cBOOK | ||
| 980 | _aNB | ||